Деревня восьми могил: роман

Chi tiết về thư mục
Tác giả chính: Ёкомидзо С. Сэйси
Tác giả khác: Скальник В. (переводчик)
Tóm tắt:Злой рок тяготеет над Деревней восьми могил: там слишком часто проливается кровь. В один прекрасный день беда настигает и ничем не примечательного служащего Тацуя Тэраду. Вокруг молодого человека разворачиваются таинственные и пугающие события. Выясняется, что Тацуя - наследник богатого человека, который запятнал себя ужасными преступлениями и теперь проклинаем всеми земляками. К тому же следы этих преступлений ведут в глубину веков, к тем временам, когда ослепленные жадностью жители деревни совершили страшное злодеяние. Злой рок тяготеет над Деревней восьми могил: там слишком часто проливается кровь. В один прекрасный день беда настигает и ничем не примечательного служащего Тацуя Тэраду. Вокруг молодого человека разворачиваются таинственные и пугающие события. Выясняется, что Тацуя - наследник богатого человека, который запятнал себя ужасными преступлениями и теперь проклинаем всеми земляками. К тому же следы этих преступлений ведут в глубину веков, к тем временам, когда ослепленные жадностью жители деревни совершили страшное злодеяние.
Ngôn ngữ:Tiếng Nga
Được phát hành: Москва, Иностранка, 2005
Loạt:Лекарство от скуки
Những chủ đề:
Định dạng: Sách
KOHA link:https://koha.lib.tpu.ru/cgi-bin/koha/opac-detail.pl?biblionumber=379236

MARC

LEADER 00000nam0a2200000 4500
001 379236
005 20241009154904.0
010 |a 5-94145-297-7 
035 |a (RuTPU)RU\TPU\retro\36699 
090 |a 379236 
100 |a 20230809d2005 m||y0rusy50 ca 
101 1 |a rus  |c jpn 
102 |a RU 
105 |a y z 000ay 
181 0 |a i   |b  e  
182 0 |a n 
183 0 |a nc  |2 RDAcarrier 
200 1 |a Деревня восьми могил  |e роман  |f Сэйси Ёкомидзо  |g пер. с яп. В. Скальника 
203 |a Текст  |b визуальный  |c непосредственный 
210 |a Москва  |c Иностранка  |d 2005 
215 |a 398 с. 
225 1 |a Лекарство от скуки 
283 |a volume  |2 RDAcarrier 
330 |a Злой рок тяготеет над Деревней восьми могил: там слишком часто проливается кровь. В один прекрасный день беда настигает и ничем не примечательного служащего Тацуя Тэраду. Вокруг молодого человека разворачиваются таинственные и пугающие события. Выясняется, что Тацуя - наследник богатого человека, который запятнал себя ужасными преступлениями и теперь проклинаем всеми земляками. К тому же следы этих преступлений ведут в глубину веков, к тем временам, когда ослепленные жадностью жители деревни совершили страшное злодеяние. Злой рок тяготеет над Деревней восьми могил: там слишком часто проливается кровь. В один прекрасный день беда настигает и ничем не примечательного служащего Тацуя Тэраду. Вокруг молодого человека разворачиваются таинственные и пугающие события. Выясняется, что Тацуя - наследник богатого человека, который запятнал себя ужасными преступлениями и теперь проклинаем всеми земляками. К тому же следы этих преступлений ведут в глубину веков, к тем временам, когда ослепленные жадностью жители деревни совершили страшное злодеяние. 
606 1 |a Японская литература  |9 46759 
610 1 |a художественная литература 
610 1 |a романы 
610 1 |a детективы 
675 |a 895.6  |v 4 
700 1 |a Ёкомидзо  |b С.  |4 070  |g Сэйси 
702 1 |4 730  |a Скальник  |b В. 
801 1 |a RU  |b 63413507  |c 20230809 
942 |c BK